LEADER 01231nam0-2200397---450- 001 990009756610403321 005 20150219161008.0 010 $a978-2-918887-01-0 035 $a000975661 035 $aFED01000975661 035 $a(Aleph)000975661FED01 035 $a000975661 100 $a20130801d2009----km-y0itay50------ba 101 0 $afre$aita 102 $aIT 105 $aabe-----001yy 200 1 $aArtisanats antiques d'Italie et de Gaule$emélanges offerts à Maria Francesca Buonaiuto$fédités par Jean-Pierre Brun 210 $aNaples$cCentre Jean Bérard$d2009 215 $a309 p.$cill.$d28 cm 225 1 $aCollection du Centre Jean Bérard$v32 225 1 $aArchéologie de l'artisanat antique$v2 610 0 $aArtigiananato$aGallia 610 0 $aArtigianato$aItalia antica 676 $a936.4 676 $a937 702 1$aBuonaiuto,$bMaria Francesca 702 1$aBrun,$bJean Pierre$f<1955- > 801 0$aIT$bUNINA$gRICA$2UNIMARC 901 $aBK 912 $a990009756610403321 952 $aONOR. F. BUONAIUTO$b2762$fNAP02 952 $a937 BUO 1$bbibl. 63332$fFLFBC 959 $aFLFBC 959 $aNAP02 996 $aArtisanats antiques d'Italie et de Gaule$9249971 997 $aUNINA LEADER 01357nam2 2200301 i 450 001 VAN00000009 005 20240806100206.57 010 $a88-14-08197-2 100 $a20020426d2000 |0itac50 ba 101 $aita 102 $aIT 105 $a|||| ||||| 200 1 $aˆ1: ‰Repubblica Federale Tedesca, Francia, Gran Bretagna, Spagna, Austria$fGiuseppe A. Rescio, Federico Tassinari 210 $aMilano$cGiuffrè$d2000 215 $aVII, 121 p.$d23 cm 461 1$1001VAN00000010$12001 $aˆLa ‰pubblicità commerciale nei paesi dell'Unione europea$fGiuseppe A. Rescio, Federico Tassinari$1210 $aMilano$cGiuffrè$1215 $avolumi$d23 cm$v1 620 $dMilano$3VANL000284 676 $a346.4066$v21 700 1$aRescio$bGiuseppe A.$3VANV000014$0541601 701 1$aTassinari$bFederico$3VANV011132$0232629 712 $aGiuffrè $3VANV109181$4650 790 1$aRescio, Giuseppe Alberto$zRescio, Giuseppe A.$3VANV076248 801 $aIT$bSOL$c20251114$gRICA 899 $aBIBLIOTECA DEL DIPARTIMENTO DI GIURISPRUDENZA$1IT-CE0105$2VAN00 912 $aVAN00000009 950 $aBIBLIOTECA DEL DIPARTIMENTO DI GIURISPRUDENZA$d00CONS X.Ed.45 1 $e00 17366 20020426 996 $aRepubblica Federale Tedesca, Francia, Gran Bretagna, Spagna, Austria$91407349 997 $aUNICAMPANIA